000
00284nam a22001337a 4500
008
170313b xxu||||| |||| 00| 0 eng d
020
_a
070617767
041
_a
eng
080
_2
5TH
_a
591
100
_a
7
101
_a
SHM
245
_a
GENERAL ZOOLOGY
_c
STORER, T.I
942
_2
udc
_c
BK
999
_c
7718
_d
7718